00381nam a2200181Ia 4500003000900000008004100009040001300050040001300063041000800076100002000084245004000104250001100144260000800155260000900163300001100172300001000183490000600193IT-RoPAU120407s9999 xx 000 0 und d aIT-RoPAU cIT-RoPAU aita aPaul Christophe aLa Chiesa nella storia degli uomini aTorino aSei c1989 a837 p. c22 cm v1